000
00284nam a22001097a 4500
082
_a
320/MAH
100
_a
Mahajan,Raj.k
_9
83274
245
_a
Political Thought Of Swami Dayanand Sarawat & Swami Vivekanand
260
_a
Delhi
_b
Corvette Press
_c
2022
650
_a
Political
942
_c
BK
999
_c
68120
_d
68120